Diktatörleri uyku tutmaz (Record no. 1042)

MARC details
000 -BAŞLIK
Sabit Uzunlukta Kontrol Alanı 00663na a2200241 4500
001 - KONTROL NUMARASI
Denetim Alanı 15630
003 - KONTROL NUMARASI IDENTIFIER
Denetim Alanı MIRAKIL
005 - SON İŞLEM TARİHİ VE ZAMANI
Denetim Alanı 20181213154810.0
008 - SABİT-BOY VERİ ELEMANLARI - GENEL BİLGİLER
Sabit Uzunlukta Kontrol Alanı 170623b tu 000 0
020 ## - ULUSLARARASI STANDART KİTAP NUMARASI
Uluslararası Standart Kitap Numarası 9753532555
035 ## - SİSTEM KONTROL NUMARASI
Sistem Kontrol Numarası 15630
040 ## - KATALOGLAMA KAYNAK
Orijinal Kataloglama Ajansı Milas
Kataloglama Dili tur
Metne Dönüştürmek Ajansı TR-AnCHP
082 ## - DEWEY ONLU SINIFLANDIRMA NUMARASI
Sınıflandırma Numarası 320.9553
Ürün Numarası D35d 2002
090 ## - SINIFLAMA NUMARASI
Sınıflama Numarası 320.9553 D35d 2002
100 ## - ANA GİRİŞ - KİŞİSEL İSİM
Kişisel Ad Demirkol, Ferman
245 ## - BAŞLIK TABLOSU
Başlık Diktatörleri uyku tutmaz
Sorumluluk Tablosu, Vb Ferman Demirkol
260 ## - YAYIN, DAĞITIM, VB
Yayın, Dağıtım, Vb Yeri İstanbul
Yayıncı, Dağıtıcı, Vs Adı Der yayınevi
Yayın, Dağıtım, Vb Tarihi 2002
300 ## - FİZİKSEL TANIM
Kapsam xvı, 326 s.
Boyutlar 20 sm.
490 ## - SERİSİ TABLOSU
Seri Beyanı Der yayınları
Hacim / Ardışık Tanımı 325
650 ## - KONU KATMA GİRİŞ - TOPİKAL DÖNEM
Topikal Süreli Veya Coğrafi Ad Giriş Elemanı Azerbaycan
Genel Alt Bölümü Uluslararası ilişkiler
650 ## - KONU KATMA GİRİŞ - TOPİKAL DÖNEM
Topikal Süreli Veya Coğrafi Ad Giriş Elemanı Siyasal tarih
Coğrafi Alt Bölümü Azerbaycan
942 ## - EKLENDİ GİRİŞ ELEMANLARI (KOHA)
Sınıflandırma Veya Raf Düzeni Kaynak Dewey Decimal Classification
Koha Öğesi Türü Books
999 ## - SİSTEM KONTROL NUMARALARI (KOHA)
Koha Biblionumber 1042
Koha Biblioitemnumber 1042
Holdings
Kalıcı Konum Mevcut Konum Edinme Tarihi Edinim Kaynak Toplam Check-Out'Lar Tam Çağrı Numarası Barkod Tarih Son Görülme İtibaren Geçerli Fiyatlar Koha Öğesi Türü
CHP Kütüphanesi CHP Kütüphanesi 09/19/2016 Bağış   320.9553 D35d 2002 005568 09/19/2016 09/19/2016 Books